000 00372nam a22001337a 4500
005 20241120121136.0
008 241120b |||||||| |||| 00| 0 eng d
110 _aRepublic of Ghana
245 _aPublic Procurement Act, 2003
_bACT 663
260 _aAccra, Ghana
_bGhana Publishing Co. Ltd.
_c2003
300 _a69 pages
_c24 cm
650 _2Act
_xGhana
942 _2lcc
_cBK
_n0
999 _c1361
_d1361